| 000 | 00883cam a22002653a 4500 | ||
|---|---|---|---|
| 001 | 437 | ||
| 003 | PGUSA | ||
| 005 | 20140828082948.0 | ||
| 008 | 960201s1996||||xxu|||||s|||||000 1 eng d | ||
| 040 |
_aPGUSA _beng |
||
| 042 | _adc | ||
| 050 | 4 | _aPQ | |
| 245 | 1 | 4 |
_aThe Life of Lazarillo of Tormes : _bHis Fortunes and Misfortunes as Told by Himself _h[electronic resource] / _cAnonymous |
| 260 |
_bProject Gutenberg, _c1996 |
||
| 506 | _aCopyrighted. Read the copyright notice inside this book for details. | ||
| 516 | _aElectronic text | ||
| 653 | _aPicaresque literature, Spanish | ||
| 653 | _aSpain -- Social conditions -- 16th century -- Fiction | ||
| 653 | _aSpanish fiction -- Translations into English | ||
| 700 | 1 | _aLuna, Juan de | |
| 700 | 1 | _aRudder, Robert S. | |
| 830 | 0 |
_aProject Gutenberg _v437 |
|
| 856 | 4 | 0 | _uhttp://www.gutenberg.org/ebooks/437 |
| 942 | _cEB | ||
| 999 |
_c229788 _d229788 |
||